| 000 -LEADER |
| fixed length control field |
00350nam a22001337a 4500 |
| 008 - FIXED-LENGTH DATA ELEMENTS--GENERAL INFORMATION |
| fixed length control field |
131114b xxu||||| |||| 00| 0 eng d |
| 041 0# - LANGUAGE CODE |
| Language code of text/sound track or separate title |
eng |
| 080 ## - UNIVERSAL DECIMAL CLASSIFICATION NUMBER |
| Universal Decimal Classification number |
340 |
| 245 10 - TITLE STATEMENT |
| Title |
University of minnesota : Law School / |
| 300 ## - |
| -- |
178 f. : |
| -- |
me il. ; |
| -- |
22 cm. |
| 500 ## - |
| -- |
2000 Faculty Directory & research activities |
| 650 #0 - |
| -- |
Ligji |
| 942 ## - ADDED ENTRY ELEMENTS (KOHA) |
| Source of classification or shelving scheme |
|
| Item type |
Books |